Hindi leghak aur uska samaj/ (Record no. 17584)

000 -LEADER
fixed length control field 00372nam a22001571a 4500
020 ## - INTERNATIONAL STANDARD BOOK NUMBER
ISBN 9788185469683
082 ## - DEWEY DECIMAL CLASSIFICATION NUMBER
Classification number H4
Item number RAJ/H
100 ## - MAIN ENTRY--AUTHOR NAME
Personal name Raj Kishore
245 ## - TITLE STATEMENT
Title Hindi leghak aur uska samaj/
Statement of responsibility, etc by Raj Kishore
260 ## - PUBLICATION, DISTRIBUTION, ETC. (IMPRINT)
Place of publication Hariyana:
Name of publisher Aadhar,
Year of publication 1996.
300 ## - PHYSICAL DESCRIPTION
Number of Pages 170p.
650 ## - SUBJECT ADDED ENTRY--TOPICAL TERM
Topical Term Essays Hindi
650 ## - SUBJECT ADDED ENTRY--TOPICAL TERM
Topical Term Literature Hindi
650 ## - SUBJECT ADDED ENTRY--TOPICAL TERM
Topical Term Literature
942 ## - ADDED ENTRY ELEMENTS (KOHA)
Koha item type Book
Holdings
Withdrawn status Lost status Damaged status Not for loan Permanent Location Current Location Date acquired Cost, normal purchase price Full call number Accession Number Cost, replacement price Price effective from Koha item type
        Sree Sankaracharya University of Sanskrit Sree Sankaracharya University of Sanskrit 08.01.2015 120.00 H4 RAJ/H 034341 0.00 08.01.2015 Book